000 00656nab a22001937a 4500
003 BPK
005 20160308134333.0
008 160308b1980 pl ||||| |||| 00| ||pol
040 _cBPK
080 _a005.56
100 _aBIELAK, Janusz.
_d1969 - 1996.
_bWyższa Szkoła Inżynierska w Koszalinie - Instytut Budownictwa Lądowego,
_cZakład Ekonomiki i Organizacji Budownictwa
245 _aKoordynacja terenowa w gminie /
_cJanusz Bielak.
260 _c1980.
500 _aDane z kartoteki bpp.
650 _aPartnerstwo lokalne.
650 0 _aWspółdziałanie.
773 _iW :
_tOrg. Met. -
_g1980, nr 5, s. 16-17
942 _cART
_2UKD
999 _c7503
_d7503